L'épouvanteur : personnages - Statistiques

Statistiques générales
  • Ce quiz a été pris 41 fois
  • Le résultat moyen est 15 sur 39
Statistiques - réponses
Hint Réponse % Correct
3 Alice Deane
100%
1 Tom Ward
97%
2 John Gregory
80%
12 Mère Malkin
80%
5 Grimalkin
74%
4 Le Malin
69%
13 John Ward
66%
14 Jack Ward
54%
6 Lizzie l'Osseuse
54%
22 Meg Skelton
51%
38 Andrew Gregory
49%
17 Mary Ward
49%
8 Bill Arkwright
46%
16 Ellie Ward
46%
15 James Ward
43%
23 Marcia Skelton
43%
19 Tusk
40%
10 Mab Mouldheel
34%
18 Matthew Ward
34%
24 Beth Mouldheel
31%
9 Kratch
31%
31 Fléau
29%
25 Jennet Mouldheel
29%
27 Morwène
29%
11 Agnès Sowerbuts
26%
33 L'Ordinn
23%
26 Madame Wurmalde
23%
35 Sliter
23%
20 Horn
20%
7 Zenobia
17%
32 Golgoth
14%
28 Thorne Malkin
14%
37 L'Inquisiteur
11%
34 Siscoï
11%
30 Wynde
11%
29 Slake
9%
39 Spig
9%
21 Lord Barrule
6%
36 Nana Nuckle
3%
Aucun quiz correspondant
Distribution des résultats
% des personnes avec chaque résultat
Percentile par nombre de réponses
Votre historique - résultats
Vous n’avez pas pris ce quiz